| 000 | 01078nam a2200205 a 4500 | ||
|---|---|---|---|
| 001 | 47061 | ||
| 005 | 20180714030854.0 | ||
| 008 | 140415s2003 sp 000 0 spa d | ||
| 020 | _a8483163039 | ||
| 041 | _aspa | ||
| 082 |
_a370.11 _bBEL |
||
| 100 | 1 | _aBELTRAN, JESUS A. | |
| 245 | 1 | 0 |
_aEDUCAR PARA EL SIGLO XXI : _bCRECER, PENSAR Y CONVIVIR EN FAMILIA |
| 250 | _a2a ed. | ||
| 260 |
_aESPAÑA : _bCCS, _c2003 |
||
| 300 |
_a514 _c17.1 x 1.3 x 24 |
||
| 520 | _aNUESTRO PROPÓSITO AL ESCRIBIR ESTE LIBRO HA SIDO OFRECER ALGUNOS CONOCIMIENTOS QUE PERMITAN A LOS PADRES ENTENDER MEJOR A SUS HIJOS Y, UNA VEZ QUE HAYAN LOGRADO ENTENDERLOS , DESCUBRAN POR SÍ MISMOS LAS ESTRATEGIAS EDUCATIVAS ADECUADAS PARA TRADUCIR ESE CONOCIMIENTO EN ACCIÓN. NO CABE DUDA DE QUE LOS PADRES SON LOS VERDADEROS EDUCADORES DE SUS HIJOS, LOS EDUCADORES NATOS, LOS POR AFINIDAD NATURAL CONOCEN MEJOR QUE NADIE LOS MECANISMOS ADECUADOS QUE ES NECESARIO PONER EN MARCHA PARA | ||
| 650 | 1 | 4 |
_aEDUCACION FAMILIAR _xEDUCACION NO FORMAL _xETICA SOCIAL |
| 700 | 1 |
_aPEREZ, LUZ F. _ecoaut. |
|
| 999 |
_c47061 _d47061 |
||